00425 2200169 4500001002100000005001500021008004100036035001900077041000700096082000800103090001400111100002700125245002600152260003800178300001800216650002100234INLIS00000000001436520241224114730241224||||||||| | ||| |||| || |  0010-1224014365 aid0 a410 a410 GAN a0 aGanjapar Rachman Sidik00aSERI BAHASA INDONESIA aBandungbWidya Duta Grafikac2007 a46hlm;15x21cm 0aBahasa Indonesia